LEADER 02623nam 2200589 a 450 001 9910781431103321 005 20230721020451.0 010 $a1-56347-989-3 010 $a1-56347-988-5 035 $a(CKB)2550000000072598 035 $a(EBL)3111668 035 $a(SSID)ssj0000331996 035 $a(PQKBManifestationID)12099975 035 $a(PQKBTitleCode)TC0000331996 035 $a(PQKBWorkID)10332886 035 $a(PQKB)10205690 035 $a(Au-PeEL)EBL3111668 035 $a(CaPaEBR)ebr10516773 035 $a(OCoLC)922979041 035 $a(MiAaPQ)EBC3111668 035 $a(EXLCZ)992550000000072598 100 $a20120112d2009 uy 0 101 0 $aeng 135 $aurcn||||||||| 181 $ctxt 182 $cc 183 $acr 200 00$aFundamentals and applications of modern flow control$b[electronic resource] /$fedited by Ronald D. Joslin, Daniel N. Miller 210 $aReston, Va. $cAmerican Institute of Aeronautics and Astronautics, Inc.$d2009 215 $a1 online resource (550 p.) 225 1 $aProgress in astronautics and aeronautics ;$vv. 231 300 $aDescription based upon print version of record. 311 $a1-56347-983-4 320 $aIncludes bibliographical references and index. 327 $a""Cover ""; ""Title ""; ""Copyright ""; ""Foreword ""; ""Table of Contents ""; ""Nomenclature ""; ""Acronyms and Abbreviations ""; ""Preface ""; ""Acknowledgements ""; ""Brief History of Flow Control""; ""Physical Concepts Underlying the Development and Application of Active Flow Control""; ""Flow Control Terminology""; ""Role of Instability Theory in Flow Control""; ""Dynamic and Closed-Loop Control""; ""Actuators and Sensors""; ""Modeling and Simulation ""; ""Fixed Wing Airfoil Applications ""; ""Turbomachinery Applications""; ""Combustion Control""; ""Aeroacoustics of Flow Control"" 327 $a""Air-Breathing Propulsion Flowpath Applications""""Flow Control for Rotorcraft Applications""; ""References""; ""Index""; ""Supporting Materials"" 410 0$aProgress in astronautics and aeronautics ;$vv. 231. 606 $aFluid dynamics 606 $aHydraulic control 615 0$aFluid dynamics. 615 0$aHydraulic control. 676 $a629.13236 701 $aJoslin$b Ronald D$01463100 701 $aMiller$b Daniel N$0118348 712 02$aAmerican Institute of Aeronautics and Astronautics. 801 0$bMiAaPQ 801 1$bMiAaPQ 801 2$bMiAaPQ 906 $aBOOK 912 $a9910781431103321 996 $aFundamentals and applications of modern flow control$93672316 997 $aUNINA LEADER 01308oam 2200421zu 450 001 996206613803316 005 20210807003622.0 010 $a1-5090-6818-X 010 $a1-4244-4734-8 035 $a(CKB)2400000000002786 035 $a(SSID)ssj0000558445 035 $a(PQKBManifestationID)12201382 035 $a(PQKBTitleCode)TC0000558445 035 $a(PQKBWorkID)10558859 035 $a(PQKB)11645699 035 $a(NjHacI)992400000000002786 035 $a(EXLCZ)992400000000002786 100 $a20160829d2009 uy 101 0 $aeng 135 $aur||||||||||| 181 $ctxt 182 $cc 183 $acr 200 10$a2009 Integrated Communications, Navigation and Surveillance Conference 210 31$a[Place of publication not identified]$cI E E E$d2009 215 $a1 online resource (58 pages) 300 $aBibliographic Level Mode of Issuance: Monograph 311 $a1-4244-4733-X 320 $aIncludes bibliographical references and index. 606 $aNavigation (Aeronautics)$vCongresses 615 0$aNavigation (Aeronautics) 676 $a629.045 702 $aIEEE Staff 801 0$bPQKB 906 $aPROCEEDING 912 $a996206613803316 996 $a2009 Integrated Communications, Navigation and Surveillance Conference$92540789 997 $aUNISA